01116nam a2200193Ia 4500001001000000003001000010008004100020040002500061041001300086100002100099245002900120250001100149260008300160300001200243500026200255501011400517520026200631650002900893L232-6527IT-CnALBA170116s9999||||xx |||||||||||||| ||und|| aIT-CnALBAcIT-CnALBA aITALIANO aBARGELLINI PIERO 0aLA BARCA DEL PESCATORE.  a2a ed. a BRESCIAbMORCELLIANA EDITRICE c1941 [1° Ed.:1939 - Ed.Ling.Originale: 1939] a246 p.  aMEDITAZIONE SU GESÙ E LA CHIESA. LA NASCITA DELLA CHIESA. LA CRESCITA. ANTIOCHIA. ROMA. MARTIRI. NEMICI DELLA CHIESA. APOSTATI ERETICI. SCRITTORI APOLOGISTI. POLEMISTI. PADRI DELLA CHIESA. VESCOVI ASCETI MONACI. RE. PAPI. CATECHISMO SULLA CHIESA. LETTURE. aSocietà San Paolo EM - Piazza San Paolo, 14 - 12051 ALBA (CN) (non commercial uses only) ® Copyright 2017 aMEDITAZIONE SU GESÙ E LA CHIESA. LA NASCITA DELLA CHIESA. LA CRESCITA. ANTIOCHIA. ROMA. MARTIRI. NEMICI DELLA CHIESA. APOSTATI ERETICI. SCRITTORI APOLOGISTI. POLEMISTI. PADRI DELLA CHIESA. VESCOVI ASCETI MONACI. RE. PAPI. CATECHISMO SULLA CHIESA. LETTURE. aVITA E MISTERO DI CRISTO